00859nam a22002297a 450000500170000001000150001702000260003203500130005803700130007108200140008410000220009824500990012024600430021926000430026227000590030530000260036449000240039050000720041450000410048665000510052765000510057820150903110136.0 aENG-113443 c350.00a9789350355244 aEN-96975 bDBAD/PUB a342.54087 aKirby, Michael D. aSexual orientation & gender identity :cby Michael D. Kirbyba new province of law for India / aSexual orientation and gender identity aDelhi bUniversal Law Publishingc2015 aA-58, G.T. Karnal Road Industrial Area,bDelhie110033 axiii,266p.c18cm(pbk) aTagore law lectures aSupported by Society of Indian Law Firms, Bar Association of India. aIncludes bibliographical references. aHomosexuality x Law and legislation z India. aGender identity xLaw and legislationz India.